000 00732cab a2200217 4500
001 WB3403-11
008 090401t1997 xxu||||| |||| 00| 0 eng d
035 _a(Sirsi) u83249
041 _aeng
245 _aTUPE review criticised
260 _c1997
350 _a0
490 _aMunicipal Journal
_v16 January 1997, 3(1)
520 _aThe government review of TUPE is criticised for failing to promise early action to protect contracts. Looks briefly at two european cases, "Suzen" and "Wilson" which brought confusion to TUPE. List the key proposals in the review.
650 _aContracts
_96232
650 _aREVIEW
650 _aTUPE REGULATIONS
690 _aECONOMIC AND SOCIAL
942 _n0
948 _c21/01/1998
999 _c52570
_d52570